00702 2200253 4500001002100000005001500021035002000036007000300056008004100059020001800100082001000118084001600128100001800144245009300162260004900255300003600304650001500340700002800355700001700383990001200400990001200412990001200424990001200436INLIS00000000000201120220812104337 a0010-0518000081ta220812 g 0 ind  a9786020319049 a641.8 a641.8 IMA t0 aIMAN, Rachman1 aTips Usaha & Pembuatan Cookies Hias /cIman Rachman, Novi Touristiani Susan, Rifka Novia aJakarta :bPT. Gramedia Pustaka Utama,c2015 a55 hlm. :bilus. ;c15 x 23 cm. 4aKUE KERING0 aNOVI, Touristiani Susan0 aRIFKA, Novia a16765 A a16765 B a16765 B a16765 A